[Event "AUT-ch Vor4 Internet"]
[Site "Playchess.com INT"]
[Date "2020.04.25"]
[Round "5"]
[White "Wimmer, Norbert"]
[Black "Moerzinger, Christian Jr"]
[Result "1-0"]
[WhiteElo "1973"]
[BlackElo "1638"]
[PlyCount "77"]
[EventDate "2020.04.25"]
[EventType "swiss (blitz)"]
[EventRounds "9"]
[EventCountry "AUT"]
[SourceTitle "EXT 2021"]
[Source "ChessBase"]
[SourceDate "2020.10.23"]
[SourceVersion "1"]
[SourceVersionDate "2020.10.23"]
[SourceQuality "1"]

1. d4 Nf6 2. c4 g6 3. Nc3 Bg7 4. e4 d6 5. Be2 0-0 6. g4 Nbd7 7. h4 e5 8. d5 Nc5 9. f3 h6 10. g5 hxg5 11. Bxg5 Qd7 12. Bxf6 Bxf6 13. Qd2 Qe7 14. 0-0-0 Bxh4 15. Kb1 Bg5 16. Qe1 Qf6 17. Nh3 Bh6 18. Qg3 Kg7 19. b4 Bxh3 20. Qxh3 Rh8 21. bxc5 dxc5 22. Qd7 Be3 23. Qxc7 Bd4 24. Kc2 Qf4 25. Qd7 Qe3 26. Bd3 Bxc3 27. Kxc3 Qd4+ 28. Kb3 a5 29. Rxh8 a4+ 30. Kc2 Rxh8 31. Rd2 a3 32. Qb5 Qe3 33. Qb3 Qxf3 34. Qxa3 Rh1 35. Qc3 Qh5 36. Be2 Qg5 37. d6 Qf4 38. d7 Qxe4+ 39. Qd3 1-0